000 00481nam a2200181Ia 4500
003 GCL
008 140319s9999 xx 000 0 eng d
040 _aGCL /
_cGCL
082 0 4 _a631.4
_bF A
100 1 _aFITZGERALD, A. E.
245 1 0 _aAN INTRODUCTION TO SOIL SCIENCE /
_cFITZGERALD, A. E.
260 _a[S.N] :
_bELBS LONGMAN ،
_c1993
300 _a255 P
650 0 4 _aالتحليل الرياضى
650 0 4 _aAGRICULTURE
650 0 4 _aSOIL SCIENCE
942 _2ddc
_cBK
999 _c19962
_d19962